Indian Aviation Quiz - Statistics

General Stats
  • This quiz has been taken 41 times
  • The average score is 3 of 5
Answer Stats
Question Answer % Correct
Which airport is the main hub for flights to Bhutan, Bangladesh, Myanmar, Thailand, Malaysia and Singapore. Other Airports in India may have destinations to these countries maybe even more than this airport by air routes, but by passengers, this is the one Kolkata - NSCBI Airport
83%
Which Indian Airport is the World's Busiest Airport by Passengers and Aircraft Movements with just one runway operational? Chhatrapati Shivaji Maharaj International Airport, Mumbai
67%
How many main commercial airlines operate in India? (Airlines which belong to India but also mostly to other countries are also included. Airlines that have ceased operations but have not shut down permanently are included and no subsidiaries are counted) 7
50%
Which is the Busiest Airport in India? Delhi Airport
33%
Which Indian Airport has won the award for the world's best airport by ACI for 4 consecutive years? CSMI Airport, Mumbai
17%
No matching quizzes found
Score Distribution
Percent of People with Each Score
Percentile by Number Answered
Your Score History
You have not taken this quiz